Catálogo
 En Linea

Economic, techinical and related assistance. (Registro nro. 31089)

Detalles MARC
000 -CABECERA
campo de control de longitud fija 00710nam a2200193 a 4500
001 - NÚMERO DE CONTROL
campo de control 000031597
005 - FECHA Y HORA DE LA ÚLTIMA TRANSACCIÓN
campo de control 20200930063037.0
008 - DATOS DE LONGITUD FIJA--INFORMACIÓN GENERAL
campo de control de longitud fija 110628s1962 xxu 000 0 spa d
040 ## - FUENTE DE LA CATALOGACIÓN
Centro catalogador/agencia de origen DO-SdBNP
Lengua de catalogación spa
Centro/agencia transcriptor BNPHU
082 ## - NÚMERO DE LA CLASIFICACIÓN DECIMAL DEWEY
Número de clasificación xxxx
Número de documento/Ítem E19t
049 ## - FONDOS LOCALES (OCLC)
Fondos de biblioteca BNPD
245 00 - MENCIÓN DE TÍTULO
Título Economic, techinical and related assistance.
260 ## - PUBLICACIÓN, DISTRIBUCIÓN, ETC.
Lugar de publicación, distribución, etc. Washington :
Nombre del editor, distribuidor, etc. Departament of State,
Fecha de publicación, distribución, etc. 1962.
300 ## - DESCRIPCIÓN FÍSICA
Extensión 8 p. ;
Dimensiones 23cm.
490 1# - MENCIÓN DE SERIE
Mención de serie Treaties and other international acts series
Designación de volumen o secuencia no. 4936
500 ## - NOTA GENERAL
Nota general Agreement between the United States of America and the Dominican Republic.
504 ## - NOTA DE BIBLIOGRAFÍA, ETC.
Nota de bibliografía, etc. Incluye referencias bibliográficas al pie de las páginas.
830 #0 - PUNTO DE ACCESO ADICIONAL DE SERIE-TÍTULO UNIFORME
Título uniforme Treaties and other international acts series
Designación de volumen o secuencia no. 4936
9 (RLIN) 57925
Existencias
Estado de retiro Estado de pérdida Restricciones de uso No para préstamo Código de colección Localización permanente Ubicación/localización actual Ubicación en estantería Fecha de adquisición Número de inventario Total de préstamos Signatura topográfica completa Código de barras Fecha visto por última vez Precio válido a partir de Tipo de ítem Koha
      Excluido de préstamo Monografías: Libros y Folletos Patrimonio Dominicano Patrimonio Dominicano En catalogación 28.06.2011 LF1   xxxx E19t 31597-10 25.06.2020 25.06.2020 No se presta

Con tecnología Koha